Pezinok

Zobrazenie: Pohľad na Mestský úrad. V pozadí za ním vidno vežu kostola. V popredí je ulica a vľavo v pozadí parkuje pri chodníku automobil. Vpravo v popredí parkuje ďalší automobil. Vľavo aj vpravo je chodník pred nárožnou budovou úradu chodník lemovaný mladými listnatými stromami. Vpravo v popredí...

Full description

Bibliographic Details
Format: Photo
Language:Slovak
Published: Bratislava Tvar 1954
Subjects:

MARC

LEADER 00000ckm a2200000 a 4500
001 vtls011611521
003 SK-MaSNL
005 20260301231800.0
007 kf bo
008 240131s1954 xo g kuslo
015 |a SNBG1954 
035 |a urn:nbn:sk:snk-km00dtk1 
035 |a urn:nbn:sk:snk-km3lug8 
035 |a FC7E53B4-C674-49C9-A877-8D4AC76FCA65 
040 |a SNK  |b slo  |c SNK  |e AACR2 
041 0 |a slo 
043 |a e-xo--- 
044 |a xo  |c SK 
072 7 |a 913  |x Regionálna geografia  |2 konspekt 
080 |a (084.121)  |2 2011 
080 |a 913(437.6)  |2 2011 
080 |a 726:27-523.42  |2 2011 
080 |a 725.1  |2 2011 
245 0 0 |a Pezinok  |h grafika 
260 |a Bratislava  |b Tvar  |c 1954 
300 |a 1 pohľadnica  |b čiernobiela  |c 9 x 14 cm 
520 8 |a Zobrazenie: Pohľad na Mestský úrad. V pozadí za ním vidno vežu kostola. V popredí je ulica a vľavo v pozadí parkuje pri chodníku automobil. Vpravo v popredí parkuje ďalší automobil. Vľavo aj vpravo je chodník pred nárožnou budovou úradu chodník lemovaný mladými listnatými stromami. Vpravo v popredí uprostred ulice stojí muž. Vľavo v pzoadí prechádza cez ulicu žena. Vpravo v pozadí je na chodníku skupina ľudí. Vľavo v pozadí vedľa auta stojí jeden človek 
650 0 7 |a kostoly  |2 SNKPH  |9 3023 
650 0 7 |a verejné budovy  |2 SNKPH  |9 2985 
651 7 |a Pezinok (Slovensko)  |2 SNKPHgeo  |9 15835 
655 7 |a miestne pohľadnice  |2 SNKPH  |9 70510 
852 |a Slovenská národná knižnica 
958 |a GBN 
958 |a GC 
958 |a OND 
958 |a EUIPO 
999 |c 959521  |d 961451 
952 |a SNK  |b SNK  |y PREZ  |7 0  |p 17A1222930  |o snkSP 19422  |0 0  |1 0  |4 0  |d 2017-02-15  |f 1  |l 0  |r 2026-02-24 10:15:12  |w 2026-02-24